Представление документа в формате RUSMARC

ПолеНазваниеЗначение
  Тип записи i
  Библиографический уровень m
001 Контрольный номер 6166e11fe9744978aaa8e8063aca473f
005 Дата корректировки 20211217162022.3
010 Индекс ISBN __
b Уточнения в кор.
d Цена 456-00
100 Данные общей обработки __
a Данные общей обработки 20210208d2016####em u0rusc0289 ca
101 Язык документа 1_
a Язык текста rus
c Язык оригинала fre
102 Страна публикации __
a Страна публикации RU
125 Кодированные данные звукозаписи и нотных изданий __
b Определитель литературного текста с
126 Кодированные данные (звукозаписи-физические характеристики) __
a Кодированные данные звукозаписи (общие) аgbхhхх сd
127 Кодированные данные (звукозаписи-физические характеристики) __
a Продолжительность проигрывания 2224##
135 Кодированные данные (электронные ресурсы) __
a Кодированные данные (электронные ресурсы) hongannnauuuu
139 Кодированные данные (электронные ресурсы) __
a Кодированные данные (электронные ресурсы) сaz
181 Поле кодированных данных: вид содержания _0
a Код вида содержания (ISBD) h
182 Поле кодированных данных: тип средства _0
a Код типа средства (ISBD) a
200 Заглавие и сведения об ответственности 1_
a Заглавие Человек, который смеется
e Сведения, относящиеся к заглавию [роман : аудиокнига]
f Первые сведения об ответственности Виктор Гюго ; читает: Алексей Борзунов ; продюсер: Владимир Воробьев
203 Вид содержания и тип средства __
a Вид содержания Устная речь
c Тип средства аудио
210 Выходные данные 1_
a Место издания Москва
c Издательство Союз
c Издательство Воробьев В. А.
d Дата издания 2016
215 Физическое описание __
a Объем 2 электрон. опт. диска (CD-ROM) (22 ч.24 мин.)
c Иллюстрации/тип воспроизводства зв.
d Формат 12 см
225 Серия 2_
a Серия Аудиокнига
300 Общие примечания __
a Общие примечания Заглавие с этикетки диска
300 Общие примечания __
a Общие примечания Данные в формате MP3
330 Аннотация __
a Аннотация "Человек, который смеется" – один из самых известных романов Виктора Гюго, написанный в 60-х годах XIX века. В нем писатель прослеживает судьбу своего героя Гуинплена, в детстве украденного и изуродованного бандитами и прошедшего путь от ярмарочного актера до места лорда в парламенте.
333 Примечание о целевом назначении __
a Примечание о целевом назначении 16+. Для детей старше 16 лет
337 Примечание о системных требованиях (электронные ресурсы) __
a Примечание о системных требованиях (электронные ресурсы) Системные требования: Windows ; Pentium 100 ; RAM 16 Мб ; SVGA 800x600 ; CD-ROM ; звукова карта ; наушники
606 Тематические рубрики __
a Основная рубрика Художественная литература
606 Тематические рубрики __
a Основная рубрика Литература Европы (произведения)
610 Ключевые слова 0_
a Ключевые слова французская литература
610 Ключевые слова 0_
a Ключевые слова романы
610 Ключевые слова 0_
a Ключевые слова тема человека
610 Ключевые слова 0_
a Ключевые слова тема судьбы
610 Ключевые слова 0_
a Ключевые слова тема благородства
610 Ключевые слова 0_
a Ключевые слова тема аристократии
610 Ключевые слова 0_
a Ключевые слова классическая литература
610 Ключевые слова 0_
a Ключевые слова зарубежная литература
610 Ключевые слова 0_
a Ключевые слова иностранная литература
610 Ключевые слова 0_
a Ключевые слова классика
610 Ключевые слова 0_
a Ключевые слова французская классика
686 Индексы других классификаций __
a Классификационный индекс 84(4Фра)52-4я04; ст84(4Фра)-4я0
700 Автор _1
a Фамилия Гюго
b Имя В.
g Полное личное имя Виктор
4 Код отношения 070
f Даты 1802-1885
702 Вторичная интеллектуальная ответственность _1
a Фамилия Борзунов
b Имя А. А.
f Даты 1943-2013
g Полное личное имя Алексей Алексеевич
4 Код отношения 590
702 Вторичная интеллектуальная ответственность _1
a Фамилия Воробьев
b Имя В. А.
g Полное личное имя Владимир А.
4 Код отношения 665
801 Источник записи _0
a Страна RU
b Организация Муниципальное бюджетное учреждение культуры "Централизованная библиотечная система" г. Сургут (Центральная городская библиотека им. А. С. Пушкина)
g Правила каталогизации PSBO
c Дата составления 20210208
801 Источник записи _1
a Страна RU
b Организация Муниципальное бюджетное учреждение культуры "Централизованная библиотечная система" г. Сургут (Центральная городская библиотека им. А. С. Пушкина)
g Правила каталогизации PSBO
c Дата составления 20210208
852 Данные о местонахождении __
j Шифр хранения 84(4Фра)52-4я04
i Авторский знак Г 99
900 Макрообъекты __
a Макрообъекты Человек, который смеется. В. Гюго, 2016 г (эл. ресурс)
901 Тип документа __
t Тип документа 0
a Ответственный ООФиК/Волкова
903 Характеристики (МАРС) __
a Дата передачи 20210208
c Наименование библиотеки (МАРС) Муниципальное бюджетное учреждение культуры "Централизованная библиотечная система" г. Сургут (Центральная городская библиотека им. А. С. Пушкина)
969 Тип издания __
a Тип издания аудиокнига
a Тип издания издание для слепых
990 Данные о заказе (DOS) __
j Количество экземпляров (DOS) 1
t N записи в КСУ для И/У (DOS) 202102